Statistiques concernant Top 20 des pays les plus juifs

Cliquez ici pour prendre le quiz!

Statistiques générales

  • Ce quiz a été pris 1 305 fois
  • Le résultat moyen est 12 sur 20

Statistiques - réponses

%pays% Correct
74,30Israël
99%
0,77France
98%
1,74Etats-Unis
95%
0,15Allemagne
89%
0,15Russie
84%
1,09Canada
83%
0,47Royaume-Uni
81%
0,28Belgique
69%
0,22Suisse
68%
0,18Pays-Bas
62%
0,16Ukraine
59%
0,16Suède
56%
0,45Argentine
54%
0,49Australie
54%
0,49Hongrie
48%
0,17Nouvelle-Zélande
38%
0,17Biélorussie
35%
0,30Lettonie
27%
0,51Uruguay
20%
0,22Panama
9%

Distribution des résultats

Percentile par nombre de réponses

% des personnes avec chaque résultat

Votre développement - résultats

Vous n’avez pas pris ce quiz